| 000 | 01850nam0a2200373 4500 | ||
|---|---|---|---|
| 001 | RU\NLR\bibl\1520315 | ||
| 005 | 20250616030426.0 | ||
| 010 |
_a978-5-94356-889-3 _9300 |
||
| 021 |
_aRU _b2010-33909 _92268 |
||
| 035 | _a(NLR Aleph) 001511680 | ||
| 090 |
_a84505 _c84505 |
||
| 100 | _a20100513d2009 |||y0rusy50 ca | ||
| 101 | 0 | _arus | |
| 102 | _aRU | ||
| 105 | _aa ||||||||| | ||
| 200 | 1 |
_aМежрегиональные различия в России: экономический рост и фискальная политика _fЕ. А. Коломак _gРос. акад. наук, Сиб. отд-ние, Учреждение Рос. акад. наук Ин-т экономики и орг. пром. пр-ва Сиб. отд-ния РАН |
|
| 210 |
_aНовосибирск _cредакционно-издательский центр НГУ _d2009 |
||
| 215 |
_a87 с. _cил. _d21 |
||
| 320 | _aБиблиогр.: с. 76-78 | ||
| 606 | 1 |
_aФискальная политика _yРоссийская Федерация _92184325 _3RU\NLR\auth\661313346 |
|
| 606 | 1 |
_aНародное хозяйство _xТемпы роста _yРоссийская Федерация _92511341 _3RU\NLR\auth\661488749 |
|
| 610 | 0 | _aЭкономика -- Экономическая география -- Российская Федерация -- Региональная экономика | |
| 686 |
_aУ049(2)8,0 _2rubbk |
||
| 686 |
_a65.049(2Рос)в631 _vLBC/RL _2rubbk |
||
| 686 | _aУ26(2)11-18 | ||
| 686 | _aУ9(2)-961-314(2Р) | ||
| 700 | 1 |
_aКоломак _bЕ. А. _gЕвгения Анатольевна _4070 |
|
| 801 | 0 |
_aRU _bРГБ _c20100513 _grcr |
|
| 801 | 1 |
_aRU _bРГБ _c20100513 |
|
| 801 | 2 |
_aRU _bНовосибирская ГОНБ _c20100505 |
|
| 801 | 2 |
_aRU _bNLR _c20100607 _grcr |
|
| 942 | _cBOOK | ||
| 980 | _aNB | ||